| 000 -CABECERA |
| Longitud fija campo de control |
00734nam a2200229 i 4500 |
| 003 - IDENTIFICADOR DEL NÚMERO DE CONTROL |
| Identificador del número de control |
OSt |
| 005 - FECHA Y HORA DE LA ÚLTIMA TRANSACCIÓN |
| Fecha y hora de la última transacción |
20211222133920.0 |
| 008 - CÓDIGOS DE INFORMACIÓN DE LONGITUD FIJA |
| Códigos de información de longitud fija |
970207s1992 sp 000 0 spa d |
| 040 ## - FUENTE DE LA CATALOGACIÓN |
| Centro catalogador de origen |
ES-MaCSI. |
| Lengua de catalogación |
spa. |
| Centro transcriptor |
CDMR |
| 080 2# - NÚMERO DE LA CLASIFICACIÓN DECIMAL UNIVERSAL |
| Número de la Clasificación Decimal Universal |
821.134.2-32 |
| 100 ## - PUNTO DE ACCESO PRINCIPAL-NOMBRE DE PERSONA |
| Nombre de persona |
Verdaguer, Mario |
| 9 (RLIN) |
4744 |
| 245 10 - MENCIÓN DE TÍTULO |
| Título |
Obra inédita / |
| Mención de responsabilidad, etc. |
Mario Verdaguer |
| 260 ## - PUBLICACIÓN, DISTRIBUCIÓN, ETC. (PIE DE IMPRENTA) |
| Lugar de publicación, distribución, etc. |
Palma de Mallorca : |
| Nombre del editor, distribuidor, etc. |
Bitzoc, |
| Fecha de publicación, distribución, etc. |
1992 |
| 300 ## - DESCRIPCIÓN FÍSICA |
| Extensión |
252 p. ; |
| Dimensiones |
23 cm |
| 490 ## - MENCIÓN DE SERIE |
| Mención de serie |
Bitzoc literatura ; |
| Designación de volumen o secuencia |
14-15 |
| 500 ## - NOTA GENERAL |
| Nota general |
Número monogràfic de Bitzoc Literatura, Revista trimestral de Literatura, 14-15, 1992 |
| 505 ## - NOTA DE CONTENIDO CON FORMATO |
| Nota de contenido con formato |
Conté: Maravilloso laberinto ; El día trece ; Mirador |
| 740 01 - PUNTO DE ACCESO ADICIONAL - TÍTULO RELACIONADO O ANALÍTICO NO CONTROLADO |
| Título relacionado o analítico no controlado |
Maravilloso laberinto |
| 740 31 - PUNTO DE ACCESO ADICIONAL - TÍTULO RELACIONADO O ANALÍTICO NO CONTROLADO |
| Título relacionado o analítico no controlado |
El d�ia trece |
| 740 01 - PUNTO DE ACCESO ADICIONAL - TÍTULO RELACIONADO O ANALÍTICO NO CONTROLADO |
| Título relacionado o analítico no controlado |
Mirador |
| 942 ## - ENTRADA DE ELEMENTOS AGREGADOS (KOHA) |
| Fuente de clasificaión o esquema |
|
| Koha [por defecto] tipo de item |
Monografies |